Statistics for Metallica Albums & EPs

Click here to take the quiz!

General Stats

  • This quiz has been taken 1,972 times
  • The average score is 10 of 16

Answer Stats

Hint Answer % Correct
1986Master Of Puppets
96%
1991Metallica
95%
1984Ride The Lightning
94%
1983Kill 'Em All
93%
1988...And Justice For All
91%
1997ReLoad
91%
1996Load
90%
2003St. Anger
87%
2008Death Magnetic
82%
1998Garage, Inc.
65%
1999S&M
54%
2011Lulu
37%
2011Beyond Magnetic
25%
1987Garage Days Re-Revisited
13%
2010Six Feet Down Under
5%
2010Live at Grimey's
5%

Score Distribution

Percentile by Number Answered

Percent of People with Each Score

Your Score History

You have not taken this quiz